[Event "CZE-ch"]
[Site "Ostrava"]
[Date "2019.04.30"]
[Round "4"]
[White "Freisler, Pavel"]
[Black "Kulhanek, Tomas"]
[Result "0-1"]
[WhiteElo "2245"]
[BlackElo "2316"]
[PlyCount "142"]
[EventDate "2019.04.27"]
[EventType "swiss"]
[EventRounds "9"]
[EventCountry "CZE"]
[SourceTitle "CBM 190 Extra"]
[Source "ChessBase"]
[SourceDate "2019.07.15"]
[SourceVersion "1"]
[SourceVersionDate "2019.07.15"]
[SourceQuality "1"]

1. Nf3 d6 2. d4 Bg4 3. g3 Bxf3 4. exf3 c6 5. f4 g6 6. Nd2 Bg7 7. Nf3 e6 8. Bd3 Ne7 9. h4 h5 10. c3 Nd7 11. Qc2 0-0 12. 0-0 c5 13. Be3 Rc8 14. Rad1 Nd5 15. Qe2 a6 16. Bc1 Re8 17. c4 Nb4 18. Bb1 Qc7 19. dxc5 dxc5 20. Ng5 Nc6 21. Qd3 Nf6 22. Be3 Nd4 23. Bxd4 cxd4 24. b3 Nd7 25. Rfe1 Nc5 26. Qf3 Qc6 27. Be4 Qb6 28. Bd3 a5 29. g4 hxg4 30. Qxg4 Nxd3 31. Rxd3 Qc5 32. Rh3 Qf5 33. Qf3 b5 34. Ne4 Red8 35. c5 Qh5 36. Qxh5 gxh5 37. Rg3 Kf8 38. Kf1 d3 39. Rd1 Rd4 40. Re3 d2 41. Ke2 Bh6 42. Rxd2 Rxd2+ 43. Nxd2 Rxc5 44. Re5 Rc2 45. Re4 Rxa2 46. Kd3 e5 47. Nf3 Rxf2 48. Nxe5 Rxf4 49. Nd7+ Kg7 50. Re5 Rf3+ 51. Kc2 Rf2+ 52. Kc3 Bd2+ 53. Kd3 Bc1 54. Rc5 Rd2+ 55. Ke4 Rxd7 56. Rxc1 a4 57. b4 a3 58. Ra1 Rc7 59. Rxa3 Rc4+ 60. Kf5 Rxh4 61. Kg5 Rxb4 62. Kxh5 Rb1 63. Kg5 b4 64. Rg3 b3 65. Kf5+ Kf8 66. Rf3 b2 67. Rf2 Ke7 68. Re2+ Kd6 69. Rf2 Kd5 70. Kf6 Kc4 71. Kxf7 Kb3 0-1

[Event "CZE-ch"]
[Site "Ostrava"]
[Date "2019.04.29"]
[Round "3"]
[White "Vanek, Tomas"]
[Black "Freisler, Pavel"]
[Result "0-1"]
[WhiteElo "2095"]
[BlackElo "2245"]
[PlyCount "124"]
[EventDate "2019.04.27"]
[EventType "swiss"]
[EventRounds "9"]
[EventCountry "CZE"]
[SourceTitle "CBM 190 Extra"]
[Source "ChessBase"]
[SourceDate "2019.07.15"]
[SourceVersion "1"]
[SourceVersionDate "2019.07.15"]
[SourceQuality "1"]

1. e4 e5 2. Nf3 Nc6 3. Nc3 Nf6 4. Rb1 Bb4 5. Bd3 0-0 6. 0-0 d5 7. exd5 Nxd5 8. Be4 Nde7 9. Qe2 Bd6 10. Qc4 Be6 11. Qa4 h6 12. Re1 a6 13. Bxc6 Nxc6 14. Qh4 Qxh4 15. Nxh4 Nd4 16. Nf3 Nxc2 17. Rd1 Bf5 18. d3 Nb4 19. Ne1 Rad8 20. a3 Nc6 21. Be3 Nd4 22. b4 Rfe8 23. h3 b5 24. Kf1 c5 25. g4 Bg6 26. Bxd4 exd4 27. Ne2 f5 28. bxc5 Bxc5 29. Nf4 Bf7 30. gxf5 Bxa3 31. Nc2 Bd6 32. Ne2 Bc5 33. Ng3 Bd5 34. Re1 Kf7 35. Nb4 Bxb4 36. Rxe8 Kxe8 37. Rxb4 Bc6 38. Nh5 Kf7 39. Rb1 a5 40. Rc1 Rd6 41. Ke2 b4 42. Rg1 g6 43. fxg6+ Rxg6 44. Rb1 Bd7 45. Nf4 Rb6 46. Nd5 Rb5 47. Nc7 Rc5 48. Na6 Rc2+ 49. Kf3 Bb5 50. Nxb4 axb4 51. Rxb4 Bxd3 52. Rxd4 Bf5 53. Kg2 Kf6 54. Rd6+ Be6 55. Ra6 h5 56. Kg3 Rc4 57. Ra3 Rb4 58. Ra6 h4+ 59. Kg2 Ke5 60. Kh2 Rb2 61. Kg2 Bd5+ 62. Kf1 Bc4+ 0-1

[Event "CZE-chT2B 1819"]
[Site "Czech Republic"]
[Date "2019.03.17"]
[Round "10.3"]
[White "Freisler, Pavel"]
[Black "Babicka, Michal"]
[Result "1-0"]
[WhiteElo "2246"]
[BlackElo "2022"]
[PlyCount "67"]
[EventDate "2018.10.14"]
[EventType "team-tourn"]
[EventRounds "11"]
[EventCountry "CZE"]
[SourceTitle "EXT 2022"]
[Source "ChessBase"]
[SourceDate "2021.10.06"]
[SourceVersion "1"]
[SourceVersionDate "2021.10.06"]
[SourceQuality "1"]
[WhiteTeam "Kladno"]
[BlackTeam "Decin"]
[WhiteTeamCountry "CZE"]
[BlackTeamCountry "CZE"]

1. Nf3 d5 2. b3 c5 3. e3 Nf6 4. Bb2 Nc6 5. Bb5 Bd7 6. 0-0 e6 7. c4 dxc4 8. bxc4 Be7 9. Nc3 a6 10. Ba4 0-0 11. d4 cxd4 12. exd4 Na5 13. Bxd7 Nxd7 14. Qa4 Rc8 15. c5 Nf6 16. Rab1 Qc7 17. Ba1 Rfd8 18. Rb6 Nc6 19. Rfb1 Rb8 20. Qb3 Rd7 21. h3 h6 22. g3 Nxd4 23. Nxd4 Bxc5 24. Rc6 Qe5 25. Nde2 Rbd8 26. Rxc5 Qxc5 27. Na4 Qf5 28. Bxf6 Qxf6 29. Nac3 Qf3 30. Qb6 Rc8 31. Rb3 Rd3 32. Qb4 b5 33. Nd4 Qe4 34. Nxe4 1-0